000 00288nam a22001337a 4500
008 171009b xxu||||| |||| 00| 0 eng d
020 _a0879678577
041 _aeng
080 _26TH
_a159.9
100 _a49
101 _aPSI
245 _aTAKING SIDES
_cRUBINSTEIN.J
942 _2udc
_cBK
999 _c32528
_d32528